Проблеми и перспективи при формиране на човешкия капитал в сферата на образованието в България (Запис номер 389789)
[ съкратено ]
| 000 -Лидер | |
|---|---|
| Контролно поле с фиксирана дължина | 02287nam a2200445 c 4500 |
| 003 - Код на организацията, давaща контролен номер | |
| Контролно поле | BLK |
| 005 - Дата и час на последна редакция | |
| Контролно поле | 20201008142411.0 |
| 008 - Елементи от данни с фиксирана дължина | |
| fixed length control field | 180410b bul|||||r ||||||| ||bul|| |
| 010 ## - Наследен системен номер | |
| LC control number | KNG00153738000 |
| 020 ## - Международен стандартен номер на книга ISBN | |
| Международен стандартен номер на книга ISBN | 9786197058895 |
| 040 ## - Източник на каталожния запис | |
| Идентификатор на билиотеката - собственик на записа | BLK |
| 041 ## - Код за език | |
| Код за езика на текст/звукозапис или на отделно заглавие | Български |
| Код за езика КДБФ | Български |
| 072 #7 - Код за тематичната категория | |
| Код организация | bullib |
| Код за тематична категория | Н37 |
| Текст | Образование. Педагогика Н |
| 080 ## - УДК | |
| Текстов определител УДК | Основи на възпитанието (материални, теоретични, философски и др.). Педагогика |
| УДК код - определител по УДК | 37.01 |
| УДК определител | (497.2) |
| УДК - код + определител | 37.01(497.2) |
| 080 ## - УДК | |
| Текстов определител УДК | Наука. Наукознание. Организация на умствения труд |
| УДК код - определител по УДК | 001 |
| УДК определител | (497.2) |
| УДК - код + определител | 001(497.2) |
| 100 ## - Редна дума - Автор | |
| Автор | Вълчев, Кристиян Пламенов |
| Авторска отговорност | първи автор |
| R(LIN) | 435105 |
| 139 ## - Редно поле | |
| Редна дума | Вълчев, Кристиян Пламенов |
| Авторски знак | Вълч - В 95 |
| 245 10 - Сведения за заглавието | |
| Заглавие | Проблеми и перспективи при формиране на човешкия капитал в сферата на образованието в България |
| Редно поле (дума) | Кристиян Вълчев. |
| 257 ## - Страна на издаване | |
| Страна на създаване/издаване | България |
| 260 ## - Област на издателските данни | |
| Място на издаване, разпространение и проч. | Русе |
| Име на издателя, разпространителя и проч. | Лени Ан |
| Година на издаване | 2020 |
| Издателство - префикс ISBN | 978-619-7058- ; 978-954-8190- |
| 9 (RLIN) | 209554 |
| 300 ## - Физическа характеристика | |
| Страници | 304 с. с. |
| Илюстрации и др. | с табл., диагр. |
| Размери/Мащаб | 20 см |
| 380 ## - Жанр | |
| Жанр | Обществени науки |
| 500 ## - Общи забележки | |
| Забележка | Рец.: Румен Калчев, Юлия Дончева, Елица Петрова. - Библиогр.: с. 290-299. |
| 650 #4 - Допълнително описание по предмет – тема | |
| Основно описание – тема или топоним | Образование и просвета - България |
| 9 (RLIN) | 262383 |
| 651 #4 - Допълнително описание по предмет - топоним | |
| Географско понятие | България |
| 9 (RLIN) | 241624 |
| 653 ## - Ключова дума – ненормативна | |
| Ключова дума | образование |
| 653 ## - Ключова дума – ненормативна | |
| Ключова дума | човешки ресурси |
| 659 ## - Тематичен бюлетин | |
| Тематичен бюлетин | Н |
| 856 4# - Електронен адрес и достъп | |
| Електронен формат | pdf - файл |
| 856 4# - Електронен адрес и достъп | |
| Електронен формат | pdf - файл |
| 999 ## - СИСТЕМНИ КОНТРОЛНИ НОМЕРА | |
| Koha biblionumber | 389789 |
| Koha biblioitemnumber | 389789 |
| 942 ## - АРТИКУЛИ | |
| Вид на библиотечния материал | Книги |
| Скрит в OPAC | Не |
| Периодичен библиозапис | Да |
| 944 ## - СЪЗДАВАНЕ И РЕДАКЦИЯ на ЗАПИСА | |
| Създаване/Редакция | Създаване |
| Дата на регистрацията/редакция | 2020-10-08 |
| Служител, извършил регистрацията/редакцията | ТД |
| 944 ## - СЪЗДАВАНЕ И РЕДАКЦИЯ на ЗАПИСА | |
| Създаване/Редакция | Редакция |
| Дата на регистрацията/редакция | 26.08.2014 |
| 999 ## - СИСТЕМНИ КОНТРОЛНИ НОМЕРА | |
| Koha biblioitemnumber | 389789 |
| 999 ## - СИСТЕМНИ КОНТРОЛНИ НОМЕРА | |
| Koha biblioitemnumber | 147525 |
| Код за отписване | Код за изгубен артикул | Източник на класификационната схема | Код за повреда | Код за отдаване | Артикулен № | Име на библиотеката - собственик | Име на библиотеката, в която се намира в момента | Статус (Текущо местоположение) | Дата на вписване в системата | Местоположение - отдел | Цена в лева | Систематично азбучна сигнатура | Баркод | Цена в евро | Служебен тип на артикула |
|---|---|---|---|---|---|---|---|---|---|---|---|---|---|---|---|
| Не е изгубен | Universal Decimal Classification | Не е повреден | заемане за дома | 803344 | Регионална библиотека "Любен Каравелов" Русе | Регионална библиотека "Любен Каравелов" Русе | Заемна - подръчен фонд | 2020-10-09 | Заемна - подръчен фонд | 12.00 | 37.01/В 95 К | 120000849196 | 6.14 | Книги |